Sports Quiz

Random Sports or NFL Quiz
Score 0/32 Timer 06:00
0 Plays Today
% Correct
Murray
86%
Long
85.8%
Carr
85.6%
Bennett
84.6%
Davis
83.9%
Woodson
82.9%
Brady
81.1%
Wilson
80.6%
James
79.2%
Allen
78.4%
Austin
77.9%
Graham
77.8%
Adams
75.2%
Stewart
75%
Richardson
74.8%
Ingram
74%
% Correct
Edwards
72.4%
Rolle
71.8%
Upshaw
71.3%
Holt
69.3%
West
68.7%
Randle
68.2%
Colquitt
66.4%
Moore
66.3%
McClain
65.6%
Marshall
65%
Thigpen
62.3%
Harper
60.6%
Kennedy
59.7%
Mathis
59.4%
Henderson
51.7%
Perry
38.3%
Remove Ads.
Support Sporcle.
Get the best of Sporcle when you Go Orange. This ad-free experience offers more features, more stats, and more fun while also helping to support Sporcle. Thank you for becoming a member.

You're not logged in!

Compare scores with friends on all Sporcle quizzes.
OR
Log In

Show Comments

Extras

Top Quizzes Today


Score Distribution

Your Account Isn't Verified!

In order to create a playlist on Sporcle, you need to verify the email address you used during registration. Go to your Sporcle Settings to finish the process.

Report this User

Report this user for behavior that violates our Community Guidelines.

Details: